000 00400cam a22001217a 4500
008 180718b1985 xxu||||| |||| 00| 0 eng d
082 _aAPPPA 84-85 SUB
100 _aSubramanian, K.
245 _aUrban pollution: a case study with special reference to Madras
_cby K. Subramanian
260 _aNew Delhi
_bIndian Institute of Public Administration
_c1985
300 _a144p.
650 _aUrban pollution
999 _c501362
_d501362